Fr. Conceicao Rodrigues College of Engineering

Principles of Metal Casting (Record no. 25279)

MARC details
000 -LEADER
fixed length control field 00313nam a2200133Ia 4500
082 ## - DEWEY DECIMAL CLASSIFICATION NUMBER
Classification number 671.2
100 ## - MAIN ENTRY--PERSONAL NAME
Personal name Heine/ Loper/Rosenthal/ Rosenthal/P.C
245 ## - TITLE STATEMENT
Title Principles of Metal Casting
260 ## - PUBLICATION, DISTRIBUTION, ETC.
Name of publisher, distributor, etc. Tata Mc Graw hill
Place of publication, distribution, etc. NewDelhi
Date of publication, distribution, etc. 1976
300 ## - PHYSICAL DESCRIPTION
Extent 736
546 ## - LANGUAGE NOTE
Language note ENGLISH
654 ## - SUBJECT ADDED ENTRY--FACETED TOPICAL TERMS
Focus term Casting
942 ## - ADDED ENTRY ELEMENTS (KOHA)
Koha item type BOOK
Holdings
Withdrawn status Lost status Damaged status Not for loan Collection Home library Current library Date acquired Cost, normal purchase price Inventory number Total Checkouts Full call number Barcode Date last seen Cost, replacement price Price effective from Koha item type
        AFT Fr. Agnel's C.Rodrigues College of Engineering Fr. Agnel's C.Rodrigues College of Engineering 17/03/2023 36.00 T-156   671.2 AFT1691 17/03/2023 36.00 17/03/2023 BOOK
        AFT Fr. Agnel's C.Rodrigues College of Engineering Fr. Agnel's C.Rodrigues College of Engineering 17/03/2023 60.00 470   671.2 AFT613 17/03/2023 60.00 17/03/2023 BOOK
        AFT Fr. Agnel's C.Rodrigues College of Engineering Fr. Agnel's C.Rodrigues College of Engineering 17/03/2023 60.00 470   671.2 AFT614 17/03/2023 60.00 17/03/2023 BOOK
        AFT Fr. Agnel's C.Rodrigues College of Engineering Fr. Agnel's C.Rodrigues College of Engineering 17/03/2023 60.00 470   671.2 AFT615 17/03/2023 60.00 17/03/2023 BOOK